| 000 | 00746nam a22002177a 4500 | ||
|---|---|---|---|
| 005 | 20231116112433.0 | ||
| 008 | 190114s20012001sp d|||gr|||| 00| 0 spa d | ||
| 020 | _a8481557447 | ||
| 050 | 0 | 4 |
_aKKT1061 _bV55 2001 |
| 100 | 1 | _aVillegas, Carlos Gilberto | |
| 245 | 1 | 0 |
_aAspectos legales de las finanzas corporativas _c / Carlos Gilberto Villegas, Carlos Marcelo Villegas. |
| 250 | _a1a ed. | ||
| 260 |
_aMadrid : _bDykinson, _c2001 |
||
| 300 |
_axxxiv, 1221 p. : _bil. ; _c24 cm. |
||
| 504 | _aBibliografía: p. 1205-1221 | ||
| 650 | 4 |
_aCorporaciones _xFinanzas _xLeyes y legislación _zEspaña |
|
| 650 | 4 |
_aDerecho financiero _zEspaña |
|
| 650 | 4 |
_aEmpresas _aFinanzas |
|
| 700 | 1 |
_aVillegas, Carlos Marcelo, _cautor |
|
| 942 |
_2lcc _cLIB |
||
| 999 |
_c80067 _d80067 |
||